[Event "GER-ch Net blitz qual2"]
[Site "Playchess.com INT"]
[Date "2020.03.16"]
[Round "5"]
[White "Fabregas, Oliver"]
[Black "Haeussler, Daniel"]
[Result "1-0"]
[WhiteElo "1935"]
[BlackElo "1985"]
[PlyCount "129"]
[EventDate "2020.03.16"]
[EventType "swiss (blitz)"]
[EventRounds "9"]
[EventCountry "GER"]
[SourceTitle "CBM 195 Extra"]
[Source "ChessBase"]
[SourceDate "2020.05.31"]
[SourceVersion "1"]
[SourceVersionDate "2020.05.31"]
[SourceQuality "1"]

1. c4 e5 2. Nc3 Nf6 3. e3 d5 4. cxd5 Nxd5 5. Bc4 Nb6 6. Bb3 Be7 7. Nf3 Bg4 8. h3 Bh5 9. 0-0 Nc6 10. d3 0-0 11. g4 Bg6 12. Ne4 Re8 13. Qe2 Kh8 14. Rd1 f5 15. Ng3 fxg4 16. hxg4 Qd7 17. g5 Rf8 18. Nh4 Bxg5 19. Nxg6+ hxg6 20. Kg2 Bh6 21. Rh1 a5 22. a3 Nd5 23. Bd2 a4 24. Ba2 Qf7 25. Bxd5 Qxd5+ 26. e4 Qf7 27. Bxh6 gxh6 28. Rxh6+ Kg7 29. Rah1 Rh8 30. Qe3 Qf4 31. Qxf4 exf4 32. Rxh8 Rxh8 33. Rxh8 Kxh8 34. Ne2 g5 35. d4 Kg7 36. Kf3 Na5 37. Nc3 Nc4 38. Nxa4 Nd2+ 39. Kg4 Nxe4 40. f3 Nd2 41. Nc3 Kg6 42. b4 Nb3 43. d5 Nd4 44. a4 b6 45. a5 bxa5 46. bxa5 Nc2 47. a6 Ne3+ 48. Kh3 Nc4 49. a7 Nb6 50. Nb5 Kf5 51. Nxc7 Ke5 52. Kg4 Kd6 53. Nb5+ Kxd5 54. Nc7+ Kc6 55. a8Q+ Nxa8 56. Nxa8 Kb7 57. Kxg5 Kxa8 58. Kxf4 Kb8 59. Ke5 Kc8 60. Ke6 Kd8 61. Kf7 Kd7 62. f4 Kd6 63. f5 Ke5 64. f6 Kd5 65. Ke7 1-0

[Event "GER-ch Net blitz qual2"]
[Site "Playchess.com INT"]
[Date "2020.03.16"]
[Round "8"]
[White "Haeussler, Daniel"]
[Black "Buessing, Olaf"]
[Result "0-1"]
[WhiteElo "1985"]
[BlackElo "1743"]
[PlyCount "104"]
[EventDate "2020.03.16"]
[EventType "swiss (blitz)"]
[EventRounds "9"]
[EventCountry "GER"]
[SourceTitle "CBM 195 Extra"]
[Source "ChessBase"]
[SourceDate "2020.05.31"]
[SourceVersion "1"]
[SourceVersionDate "2020.05.31"]
[SourceQuality "1"]

1. d4 f5 2. e4 fxe4 3. Nc3 Nf6 4. Bg5 Nc6 5. d5 Ne5 6. Qd4 Nf7 7. Bxf6 exf6 8. Qxe4+ Qe7 9. Qxe7+ Bxe7 10. 0-0-0 0-0 11. Nf3 a6 12. Bd3 b5 13. Rhe1 Bc5 14. Ne4 Bb6 15. Re2 Bb7 16. c4 bxc4 17. Bxc4 f5 18. Neg5 Nd6 19. Bb3 h6 20. Nh3 a5 21. a3 Rae8 22. Rde1 Rxe2 23. Rxe2 g5 24. Ne5 Re8 25. f4 gxf4 26. Nxf4 Ba6 27. Re1 Bf2 28. Nh5 Bxe1 29. Nf6+ Kg7 30. Nxe8+ Nxe8 31. Nxd7 Nd6 32. Nc5 Bf1 33. Ne6+ Kf6 34. g3 Ke5 35. Nxc7 h5 36. Bd1 h4 37. gxh4 Bxh4 38. b4 axb4 39. a4 Bc4 40. Bf3 Ne4 41. a5 Bd8 42. Ne6 Bxa5 43. Ng7 Bxd5 44. h4 b3 45. h5 Bd2+ 46. Kb2 Bh6 47. Ne8 Nd2 48. Bxd5 Kxd5 49. Nc7+ Kc6 50. Ne6 f4 51. Nd4+ Kd5 52. Kc3 b2 0-1

[Event "GER-ch Net blitz qual2"]
[Site "Playchess.com INT"]
[Date "2020.03.16"]
[Round "2"]
[White "Haeussler, Daniel"]
[Black "Hansch, Stephan"]
[Result "0-1"]
[WhiteElo "1985"]
[BlackElo "2149"]
[PlyCount "120"]
[EventDate "2020.03.16"]
[EventType "swiss (blitz)"]
[EventRounds "9"]
[EventCountry "GER"]
[SourceTitle "CBM 195 Extra"]
[Source "ChessBase"]
[SourceDate "2020.05.31"]
[SourceVersion "1"]
[SourceVersionDate "2020.05.31"]
[SourceQuality "1"]

1. d4 d5 2. c4 e6 3. Nf3 Nf6 4. g3 Be7 5. Bg2 0-0 6. 0-0 dxc4 7. Ne5 Nc6 8. Bxc6 bxc6 9. Nxc6 Qe8 10. Nxe7+ Qxe7 11. b3 cxb3 12. Ba3 b2 13. Bxe7 bxa1Q 14. Bxf8 Kxf8 15. e4 Bd7 16. Qd2 Nxe4 17. Qb4+ Kg8 18. Qb7 Rc8 19. Qxe4 Qxa2 20. Nc3 Qc4 21. Rc1 Qb4 22. Qe3 a5 23. Rb1 Qc4 24. Ne4 Bc6 25. Rc1 Qa4 26. Nc5 Qa2 27. Nxe6 Qxe6 28. Qxe6 fxe6 29. Rxc6 Ra8 30. Rxc7 a4 31. Rc2 Kf7 32. Kg2 Ke7 33. Kf3 Kd6 34. Ke4 a3 35. Ra2 Ra4 36. Ke3 Kd5 37. h3 Kc4 38. Ke4 Kb3 39. Ra1 Kb2 40. Re1 a2 41. Re2+ Kc3 42. Re3+ Kc4 43. Re1 a1Q 44. Rxa1 Rxa1 45. Ke5 Re1+ 46. Kf4 Kxd4 47. f3 Ra1 48. h4 h6 49. g4 g6 50. Kg3 e5 51. Kf2 Ra2+ 52. Kg3 Ke3 53. h5 gxh5 54. gxh5 Rf2 55. Kg4 Rxf3 56. Kh4 Rf1 57. Kg3 Rg1+ 58. Kh2 Rg5 59. Kh3 Kf3 60. Kh4 e4 0-1

[Event "GER-ch Net blitz qual2"]
[Site "Playchess.com INT"]
[Date "2020.03.16"]
[Round "9"]
[White "Scholz, Florian"]
[Black "Haeussler, Daniel"]
[Result "1-0"]
[WhiteElo "1752"]
[BlackElo "1985"]
[PlyCount "77"]
[EventDate "2020.03.16"]
[EventType "swiss (blitz)"]
[EventRounds "9"]
[EventCountry "GER"]
[SourceTitle "CBM 195 Extra"]
[Source "ChessBase"]
[SourceDate "2020.05.31"]
[SourceVersion "1"]
[SourceVersionDate "2020.05.31"]
[SourceQuality "1"]

1. d4 d5 2. c4 c6 3. Nf3 Nf6 4. e3 e6 5. Nc3 Ne4 6. Bd3 f5 7. 0-0 Bd6 8. Qb3 Qb6 9. Qc2 0-0 10. c5 Bxc5 11. Na4 Qa5 12. Nxc5 b6 13. Nb3 Qb4 14. Ne5 Qd6 15. f3 Nf6 16. e4 dxe4 17. fxe4 Ba6 18. Bxa6 Nxa6 19. exf5 Nb4 20. Qc4 Qd5 21. Qxd5 exd5 22. a3 Nc2 23. Rb1 a5 24. Rf2 a4 25. Rxc2 axb3 26. Rxc6 Ne4 27. g4 Ra4 28. Be3 b5 29. Rbc1 b4 30. axb4 Rxb4 31. Rc8 Nd6 32. Rxf8+ Kxf8 33. Rc6 Nb5 34. Bg5 Na7 35. Rc7 Ra4 36. Rb7 Nc8 37. Rb8 Ra1+ 38. Kg2 Rc1 39. Bxc1 1-0

[Event "Stuttgart-chA op"]
[Site "Ditzingen"]
[Date "2015.05.17"]
[Round "7"]
[White "Imhof, Thomas"]
[Black "Haeussler, Daniel"]
[Result "1-0"]
[WhiteElo "1938"]
[BlackElo "2000"]
[PlyCount "97"]
[EventDate "2015.05.14"]
[EventType "swiss"]
[EventRounds "7"]
[EventCountry "GER"]
[SourceTitle "EXT 2018"]
[Source "ChessBase"]
[SourceDate "2017.10.13"]
[SourceVersion "1"]
[SourceVersionDate "2017.10.13"]
[SourceQuality "1"]

1. g3 d5 2. Bg2 c5 3. Nf3 Nf6 4. 0-0 g6 5. c4 d4 6. d3 Bg7 7. a3 a5 8. e3 Nc6 9. exd4 cxd4 10. Nbd2 0-0 11. Rb1 a4 12. b4 axb3 13. Qxb3 Qa5 14. Re1 Ra7 15. Qb5 Nd7 16. Nb3 Qc7 17. Re4 e5 18. Rh4 Re8 19. Ng5 Nf6 20. Bb2 h6 21. Ne4 Nxe4 22. Rxe4 Bf5 23. Ree1 Bxd3 24. Bxd4 Raa8 25. Bb6 Bxc4 26. Qxc4 Qxb6 27. Nc5 Na5 28. Qd5 Qd8 29. Nxb7 Qxd5 30. Bxd5 Re7 31. Nc5 Rc8 32. Ne4 Rcc7 33. Rb5 Nc6 34. Rc5 Nd4 35. Rxc7 Rxc7 36. Re3 Kf8 37. a4 f5 38. Nd2 f4 39. gxf4 exf4 40. Re4 g5 41. Nb3 Nf3+ 42. Kg2 Nh4+ 43. Kf1 Rd7 44. Be6 Rd3 45. Nc5 Ra3 46. Bd5 Ra1+ 47. Ke2 f3+ 48. Kd2 Ra3 49. Nd7# 1-0

[Event "Stuttgart-chA op"]
[Site "Ditzingen"]
[Date "2015.05.14"]
[Round "1"]
[White "Karpatchev, Aleksandr"]
[Black "Haeussler, Daniel"]
[Result "1-0"]
[WhiteElo "2466"]
[BlackElo "2000"]
[PlyCount "79"]
[EventDate "2015.05.14"]
[EventType "swiss"]
[EventRounds "7"]
[EventCountry "GER"]
[SourceTitle "EXT 2018"]
[Source "ChessBase"]
[SourceDate "2017.10.13"]
[SourceVersion "1"]
[SourceVersionDate "2017.10.13"]
[SourceQuality "1"]

1. e4 c5 2. c3 d5 3. exd5 Qxd5 4. Nf3 Nc6 5. d4 e5 6. Nxe5 Nxe5 7. dxe5 Qxe5+ 8. Be2 Nf6 9. Na3 Be7 10. 0-0 0-0 11. Bf3 Qc7 12. Qb3 Rb8 13. Nb5 Qb6 14. c4 Be6 15. Bf4 Rbc8 16. Nc3 Qb4 17. Qxb4 cxb4 18. Nd5 Nxd5 19. cxd5 Bf5 20. Rfe1 Bf6 21. Be5 Bxe5 22. Rxe5 Bd7 23. d6 Bc6 24. Bg4 Rcd8 25. Rd1 Rfe8 26. f4 Kf8 27. Kf2 f6 28. Rc5 g6 29. g3 f5 30. Bf3 Bxf3 31. Kxf3 Rd7 32. g4 fxg4+ 33. Kxg4 b6 34. Rc7 Red8 35. Rxd7 Rxd7 36. f5 gxf5+ 37. Kxf5 Kf7 38. Ke5 Ke8 39. Rg1 Rf7 40. Ke6 1-0

[Event "Stuttgart-chA int"]
[Site "Ditzingen"]
[Date "2013.05.11"]
[Round "6"]
[White "Neyman, Igor"]
[Black "Haeussler, Daniel"]
[Result "1/2-1/2"]
[WhiteElo "2334"]
[BlackElo "1992"]
[PlyCount "68"]
[EventDate "2013.05.09"]
[EventType "swiss"]
[EventRounds "7"]
[EventCountry "GER"]
[SourceTitle "EXT 2014"]
[Source "ChessBase"]
[SourceDate "2013.11.20"]
[SourceVersion "1"]
[SourceVersionDate "2013.11.20"]
[SourceQuality "1"]

1. d4 Nf6 2. c4 c5 3. d5 e6 4. Nc3 exd5 5. cxd5 d6 6. e4 g6 7. f4 Bg7 8. Bb5+ Nbd7 9. e5 dxe5 10. fxe5 Nh5 11. e6 Qh4+ 12. g3 Nxg3 13. hxg3 Qxh1 14. Be3 Bxc3+ 15. bxc3 a6 16. exd7+ Bxd7 17. Bxd7+ Kxd7 18. Qa4+ b5 19. Qf4 Rhe8 20. 0-0-0 Qe4 21. Bxc5 Qxf4+ 22. gxf4 Re4 23. f5 Rc8 24. Bd4 Kd6 25. Nf3 gxf5 26. Ng5 Kxd5 27. Bf6+ Kc6 28. Nxe4 fxe4 29. Rh1 Kd5 30. Kd2 Rg8 31. a4 Rg2+ 32. Ke3 Rg3+ 33. Ke2 Rg2+ 34. Ke3 Rg3+ 1/2-1/2

[Event "Cologne Longerich op 7th"]
[Site "Cologne"]
[Date "2010.08.01"]
[Round "4"]
[White "Kuerten, Lothar"]
[Black "Haeussler, Daniel"]
[Result "0-1"]
[WhiteElo "1677"]
[BlackElo "1939"]
[PlyCount "74"]
[EventDate "2010.07.30"]
[EventType "swiss"]
[EventRounds "5"]
[EventCountry "GER"]
[SourceTitle "EXT 2011"]
[Source "ChessBase"]
[SourceDate "2010.11.26"]
[SourceVersion "1"]
[SourceVersionDate "2010.11.26"]
[SourceQuality "1"]

1. e4 c5 2. d4 cxd4 3. c3 d3 4. Nf3 Nc6 5. Bxd3 d6 6. Bf4 e5 7. Be3 Be7 8. 0-0 Be6 9. Qe2 Nf6 10. Bc2 0-0 11. Rd1 Qc7 12. Ng5 Bg4 13. Nf3 Rad8 14. h3 Bh5 15. Bg5 b5 16. a4 b4 17. Nbd2 Rb8 18. Nc4 Rfd8 19. Ne3 bxc3 20. Bxf6 cxb2 21. Rab1 Bxf6 22. Nd5 Qb7 23. Nxf6+ gxf6 24. Qe3 Bxf3 25. Qxf3 Nd4 26. Qxf6 Nxc2 27. Rd3 Kf8 28. Rf3 Nd4 29. Qh8+ Ke7 30. Qf6+ Kd7 31. Qxf7+ Kc8 32. Rc3+ Nc6 33. Qe6+ Kc7 34. Qd5 Qa6 35. Rc2 Qxa4 36. Rbxb2 Rxb2 37. Rxb2 Qa1+ 0-1

[Event "GER-ch U25 op"]
[Site "Willingen"]
[Date "2008.05.13"]
[Round "5"]
[White "Windjaeger, Gerd"]
[Black "Haeussler, Daniel"]
[Result "0-1"]
[WhiteElo "1535"]
[BlackElo "1919"]
[PlyCount "92"]
[EventDate "2008.05.11"]
[EventType "swiss"]
[EventRounds "9"]
[EventCountry "GER"]
[SourceTitle "CBM 124 Extra"]
[Source "ChessBase"]
[SourceDate "2008.07.03"]
[SourceVersion "1"]
[SourceVersionDate "2008.07.03"]
[SourceQuality "1"]

1. d4 f5 2. g3 Nf6 3. c3 g6 4. Bg2 Bg7 5. Qb3 c6 6. Nh3 d5 7. Nd2 0-0 8. Nf3 Ne4 9. 0-0 h6 10. Nf4 Kh7 11. Nd3 Nd7 12. Nfe5 Nxe5 13. Nxe5 c5 14. f3 c4 15. Qc2 Nd6 16. b3 a5 17. bxc4 Bxe5 18. dxe5 Nxc4 19. f4 e6 20. Kh1 Bd7 21. Rb1 Qc7 22. Qd3 b5 23. Be3 Nxe3 24. Qxe3 Qa7 25. Qd2 Rfc8 26. Rfc1 Rc5 27. a4 bxa4 28. c4 Bc6 29. cxd5 Bxd5 30. Rxc5 Qxc5 31. Bxd5 exd5 32. Rc1 Qb5 33. Qc2 Rd8 34. Ra1 Qb7 35. Rxa4 Rc8 36. Qd2 Qb1+ 37. Kg2 Rc2 38. Qe3 Qb5 39. Kf3 Qxa4 40. Qa7+ Kg8 41. Qb8+ Kg7 42. Qb7+ Kf8 43. Qb8+ Kf7 44. Qb7+ Ke8 45. Qb8+ Kd7 46. Qd6+ Kc8 0-1

[Event "Wuerttemberg-ch U18"]
[Site "Friedrichshafen"]
[Date "2005.03.30"]
[Round "3"]
[White "Haeussler, Daniel"]
[Black "Kracke, Moritz"]
[Result "0-1"]
[WhiteElo "1723"]
[BlackElo "1955"]
[PlyCount "80"]
[EventDate "2005.03.29"]
[EventType "swiss"]
[EventRounds "7"]
[EventCountry "GER"]
[SourceTitle "EXT 2007"]
[Source "ChessBase"]
[SourceDate "2006.11.23"]
[SourceVersion "1"]
[SourceVersionDate "2006.11.23"]
[SourceQuality "1"]

1. d4 e6 2. c4 d5 3. Nc3 Nf6 4. Bg5 Nbd7 5. cxd5 exd5 6. Nxd5 Nxd5 7. Bxd8 Bb4+ 8. Qd2 Kxd8 9. e4 Bxd2+ 10. Kxd2 N5f6 11. f3 Nb6 12. Rc1 c6 13. Ne2 Ke7 14. Nf4 Rd8 15. Ke3 Be6 16. b3 a5 17. g4 g5 18. Nxe6 Kxe6 19. h4 h6 20. hxg5 hxg5 21. Rc5 Rg8 22. Rf5 Rg6 23. Bc4+ Ke7 24. Rh2 a4 25. Rc2 Nxc4+ 26. bxc4 Nd7 27. Rh2 Rg7 28. Rb2 b6 29. Rh2 f6 30. Rh6 c5 31. dxc5 bxc5 32. Rd5 Rb8 33. Rh2 Rb4 34. Rhd2 Ne5 35. Ke2 Rxc4 36. Rb2 Rf7 37. Rb7+ Kf8 38. Rd8+ Kg7 39. Rbb8 Kg6 40. Rh8 Rc2+ 0-1

[Event "Wuerttemberg-ch U18"]
[Site "Friedrichshafen"]
[Date "2005.03.29"]
[Round "2"]
[White "Haeussler, Daniel"]
[Black "Buschle, Benedikt"]
[Result "1/2-1/2"]
[WhiteElo "1723"]
[BlackElo "1894"]
[PlyCount "147"]
[EventDate "2005.03.29"]
[EventType "swiss"]
[EventRounds "7"]
[EventCountry "GER"]
[SourceTitle "EXT 2007"]
[Source "ChessBase"]
[SourceDate "2006.11.23"]
[SourceVersion "1"]
[SourceVersionDate "2006.11.23"]
[SourceQuality "1"]

1. d4 d5 2. c4 c6 3. Nc3 Nf6 4. Nf3 e6 5. Bg5 Nbd7 6. cxd5 exd5 7. e3 Be7 8. Bd3 0-0 9. Nh4 Ne4 10. Bxe7 Qxe7 11. Nf5 Qg5 12. Nxe4 Qxf5 13. g4 Qg6 14. Ng3 Qd6 15. g5 Qb4+ 16. Qd2 Qxd2+ 17. Kxd2 Nb6 18. b3 a5 19. Nf5 Bxf5 20. Bxf5 a4 21. Kc3 g6 22. Bd3 f5 23. h4 Nc8 24. h5 axb3 25. hxg6 hxg6 26. Kxb3 Nd6 27. a4 Ne4 28. Bxe4 fxe4 29. Rh6 Rxf2 30. Rah1 Raf8 31. Rxg6+ Kf7 32. Rhh6 Rg8 33. Rd6 Rxg5 34. Rh7+ Ke8 35. Rxb7 Rg3 36. Rh7 Rxe3+ 37. Kb4 Rf7 38. Rxf7 Kxf7 39. a5 Re1 40. a6 e3 41. Kc3 Ra1 42. Kd3 Rxa6 43. Kxe3 Ke7 44. Rh6 Kd7 45. Rh7+ Kd6 46. Rh6+ Kc7 47. Kf4 Ra1 48. Rh2 Re1 49. Kf3 Re4 50. Rd2 Kb6 51. Rb2+ Ka5 52. Rc2 Kb5 53. Rb2+ Kc4 54. Rc2+ Kxd4 55. Rxc6 Kd3 56. Ra6 Rc4 57. Ra5 d4 58. Ra2 Rc2 59. Ra3+ Rc3 60. Ra2 Rc2 61. Ra3+ Rc3 62. Ra2 Kc4+ 63. Ke2 Kb3 64. Rd2 Rc2 65. Kd3 Rxd2+ 66. Kxd2 Kb4 67. Kd3 Kc5 68. Kd2 Kc4 69. Kc2 d3+ 70. Kd2 Kd4 71. Kd1 Ke4 72. Kd2 Kd4 73. Kd1 Kc3 74. Kc1 1/2-1/2

[Event "Wuerttemberg-ch U16"]
[Site "Stuttgart"]
[Date "2003.04.23"]
[Round "3"]
[White "Haeussler, Daniel"]
[Black "Behm, Simon"]
[Result "0-1"]
[WhiteElo "1570"]
[BlackElo "2003"]
[PlyCount "126"]
[EventDate "2003.04.??"]
[EventType "swiss"]
[EventRounds "7"]
[EventCountry "GER"]
[SourceTitle "EXT 2005"]
[Source "ChessBase"]
[SourceDate "2004.11.15"]
[SourceVersion "1"]
[SourceVersionDate "2004.11.15"]
[SourceQuality "1"]

1. d4 Nf6 2. c4 e6 3. Nc3 Bb4 4. Bd2 c5 5. e3 Nc6 6. a3 Bxc3 7. Bxc3 cxd4 8. Bxd4 Nxd4 9. Qxd4 0-0 10. Nf3 b6 11. Be2 Bb7 12. 0-0 Qe7 13. b4 d5 14. Rac1 Rac8 15. Rc2 dxc4 16. Rxc4 Rfd8 17. Rxc8 Rxc8 18. Rd1 Nd5 19. Kf1 Qc7 20. a4 Kf8 21. b5 Nf6 22. h3 Ke7 23. g3 Bd5 24. Qb4+ Qc5 25. Qd4 Qc7 26. Qb4+ Ke8 27. Qd4 Rd8 28. Qb2 Qb7 29. Qd4 Qa8 30. Qf4 Ke7 31. Rc1 Rc8 32. Rc7+ Rxc7 33. Qxc7+ Nd7 34. Ne5 Qb7 35. Qxb7 Bxb7 36. Nd3 Be4 37. Nb4 Nc5 38. f3 Bb7 39. Bd1 Kd6 40. Kf2 Bd5 41. Bc2 h6 42. e4 Bb3 43. Bxb3 Nxb3 44. Ke3 Nc5 45. e5+ Kc7 46. Kd4 Nxa4 47. Nc6 a5 48. Kc4 Nb2+ 49. Kc3 Nd1+ 50. Kd2 Nb2 51. Kc3 Na4+ 52. Kc4 Nc5 53. Nxa5 Ne4 54. fxe4 bxa5 55. Kc5 Kb7 56. b6 a4 57. Kb4 Kxb6 58. Kxa4 Kc5 59. Kb3 Kd4 60. Kc2 Kxe4 61. Kd2 Kxe5 62. Ke3 h5 63. g4 hxg4 0-1